Nachbarstaaten der Türkei - Statistiken

Allgemein
  • Dieses Quiz wurde 59 mal gespielt
  • Das Durchschnittsergebnis liegt bei 8 aus 8
Antwortstatistiken
Nachbarstaaten % Korrekt
Irak
98%
Syrien
98%
Bulgarien
96%
Griechenland
96%
Georgien
94%
Iran
94%
Armenien
91%
Aserbaidschan
89%
Keine übereinstimmenden Quizze gefunden
Verteilung der Resultate
Anzahl Personen mit jedem Resultat
Perzentil nach korrekt beantworteten Fragen
Ihre Resultats-Entwicklung
Sie haben dieses Quiz noch nicht gespielt